[Event "33rd Cannes Open 2019"]
[Site "Cannes"]
[Date "2019.02.23"]
[Round "8.6"]
[White "Lodici, Lorenzo"]
[Black "Gilevych, Artem"]
[Result "0-1"]
[WhiteElo "2482"]
[BlackElo "2403"]
[Annotator "ChessBase"]
[PlyCount "58"]
[EventDate "2019.02.18"]
[EventType "swiss"]
[EventCountry "FRA"]
[SourceTitle "playchess.com"]
[Source "ChessBase"]
[SourceQuality "1"]
[TimeControl "40/5400+30:1800+30"]

1. Nf3 {[%emt 0:00:00]} e6 {[%emt 0:07:54]} 2. c4 {[%emt 0:00:49]} Nf6 {[%emt 0:00:05]} 3. Nc3 {[%emt 0:04:12]} Bb4 {[%emt 0:01:08]} 4. g3 {[%emt 0:02:49]} Nc6 {[%emt 0:01:06]} 5. Bg2 {[%emt 0:05:49]} O-O {[%emt 0:00:11]} 6. O-O {[%emt 0:00:35]} Rb8 {[%emt 0:05:20]} 7. a3 {[%emt 0:13:41]} Bxc3 {[%emt 0:00:29]} 8. bxc3 {[%emt 0:01:16]} b6 {[%emt 0:00:06]} 9. d3 {[%emt 0:00:52]} d6 {[%emt 0:12:10]} 10. e4 {[%emt 0:01:25]} e5 {[%emt 0:01:31]} 11. Ne1 {[%emt 0:02:26]} Nd7 {[%emt 0:10:36]} 12. Nc2 {[%emt 0:15:45]} Nc5 {[%emt 0:02:58]} 13. Ne3 {[%emt 0:04:17]} Na5 {[%emt 0:00:28]} 14. Rb1 {[%emt 0:02:00]} Bd7 {[%emt 0:00:08]} 15. d4 {[%emt 0:16:19]} Ncb3 {[%emt 0:10:41]} 16. f4 {[%emt 0:00:12]} Nxc1 {[%emt 0:02:30]} 17. Rxc1 {[%emt 0:00:06]} c5 {[%emt 0:06:14]} 18. dxc5 {[%emt 0:07:14]} dxc5 {[%emt 0:00:15]} 19. fxe5 {[%emt 0:00:17]} Be6 {[%emt 0:01:34]} 20. Qh5 {[%emt 0:01:00]} Nxc4 {[%emt 0:03:40]} 21. Nd5 {[%emt 0:00:29]} h6 {[%emt 0:05:41]} 22. Rf6 {[%emt 0:06:49]} Bxd5 {[%emt 0:05:19]} 23. exd5 {[%emt 0:00:02]} Nxe5 {[%emt 0:03:19]} 24. Rcf1 {[%emt 0:02:29]} gxf6 {[%emt 0:03:19]} 25. Qxh6 {[%emt 0:01:35]} Ng6 {[%emt 0:00:29]} 26. Be4 {[%emt 0:00:18]} Qe7 {[%emt 0:01:51]} 27. Rf4 {[%emt 0:01:33]} f5 {[%emt 0:01:07]} 28. Bxf5 {[%emt 0:00:39]} Rbe8 {[%emt 0:04:07]} 29. Be4 {[%emt 0:02:28]} Qe5 {[%emt 0:02:43]} 0-1

[Event "33rd Cannes Open 2019"]
[Site "Cannes"]
[Date "2019.02.23"]
[Round "8.7"]
[White "Barseghyan, Harutyun"]
[Black "Lamard, Guillaume"]
[Result "1/2-1/2"]
[WhiteElo "2457"]
[BlackElo "2389"]
[Annotator "ChessBase"]
[PlyCount "72"]
[EventDate "2019.02.18"]
[EventType "swiss"]
[EventCountry "FRA"]
[SourceTitle "playchess.com"]
[Source "ChessBase"]
[SourceQuality "1"]
[TimeControl "40/5400+30:1800+30"]

1. d4 {[%emt 0:00:00]} Nf6 {[%emt 0:00:00]} 2. Nf3 {[%emt 0:00:00]} e6 {[%emt 0:00:00]} 3. Bf4 {[%emt 0:00:00]} d5 {[%emt 0:00:00]} 4. e3 {[%emt 0:00:00]} Bd6 {[%emt 0:00:00]} 5. Bg3 {[%emt 0:00:00]} c5 {[%emt 0:00:00]} 6. Nbd2 {[%emt 0:00:20]} O-O {[%emt 0:00:06]} 7. c3 {[%emt 0:00:05]} Qc7 {[%emt 0:00:04]} 8. Ne5 {[%emt 0:00:32]} Nbd7 {[%emt 0:00:04]} 9. f4 {[%emt 0:00:06]} Ne4 {[%emt 0:00:03]} 10. Nxe4 {[%emt 0:10:48]} dxe4 {[%emt 0:00:04]} 11. Bh4 {[%emt 0:01:46]} cxd4 {[%emt 0:03:38]} 12. cxd4 {[%emt 0:00:58]} Nxe5 {[%emt 0:07:43]} 13. fxe5 {[%emt 0:04:49]} Be7 {[%emt 0:01:13]} 14. Bxe7 {[%emt 0:02:21]} Qxe7 {[%emt 0:00:05]} 15. Qb3 {[%emt 0:03:51]} Bd7 {[%emt 0:05:37]} 16. Bc4 {[%emt 0:06:58]} b5 {[%emt 0:01:31]} 17. Be2 {[%emt 0:00:13]} Qh4+ {[%emt 0:07:27]} 18. g3 {[%emt 0:03:15]} Qh3 {[%emt 0:00:38]} 19. Rc1 {[%emt 0:07:52]} Rac8 {[%emt 0:04:15]} 20. Rxc8 {[%emt 0:01:08]} Rxc8 {[%emt 0:01:53]} 21. Kd2 {[%emt 0:00:29]} a5 {[%emt 0:04:54]} 22. Qd1 {[%emt 0:06:09]} Qh6 {[%emt 0:00:08]} 23. Qb1 {[%emt 0:05:14]} g6 {[%emt 0:00:45]} 24. Rc1 {[%emt 0:05:18]} Rxc1 {[%emt 0:06:31]} 25. Qxc1 {[%emt 0:01:16]} Qxh2 {[%emt 0:00:14]} 26. Qc7 {[%emt 0:01:47]} Be8 {[%emt 0:00:07]} 27. d5 {[%emt 0:05:55]} Qxg3 {[%emt 0:03:37]} 28. Qe7 {[%emt 0:02:46]} Qxe5 {[%emt 0:00:07]} 29. Qxe8+ {[%emt 0:00:04]} Kg7 {[%emt 0:00:02]} 30. Kc2 {[%emt 0:09:31]} Qxd5 {[%emt 0:02:06]} 31. Qxb5 {[%emt 0:00:05]} Qxa2 {[%emt 0:10:07]} 32. Bc4 {[%emt 0:01:01]} Qa1 {[%emt 0:00:14]} 33. Qe5+ {[%emt 0:00:06]} Kg8 {[%emt 0:00:21]} 34. Qb8+ {[%emt 0:00:44]} Kg7 {[%emt 0:00:06]} 35. Qe5+ {[%emt 0:00:03]} Kg8 {[%emt 0:00:05]} 36. Qxe4 {[%emt 0:05:33]} Qa4+ {[%emt 0:00:07]} 1/2-1/2

[Event "33rd Cannes Open 2019"]
[Site "Cannes"]
[Date "2019.02.23"]
[Round "8.8"]
[White "Gueci, Tea"]
[Black "Godena, Michele"]
[Result "0-1"]
[WhiteElo "2186"]
[BlackElo "2448"]
[Annotator "NA RC"]
[PlyCount "108"]
[EventDate "2019.02.18"]
[EventType "swiss"]
[EventCountry "FRA"]
[SourceTitle "playchess.com"]
[Source "ChessBase"]
[SourceQuality "1"]
[TimeControl "40/5400+30:1800+30"]

1. e4 {[%emt 0:00:00]} e5 {[%emt 0:00:00]} 2. Nf3 {[%emt 0:00:00]} Nc6 {[%emt 0:00:00]} 3. Bb5 {[%emt 0:00:00]} a6 {[%emt 0:02:18]} 4. Ba4 {[%emt 0:00:00]} b5 {[%emt 0:00:45]} 5. Bb3 {[%emt 0:00:00]} g6 {[%emt 0:00:08]} 6. c3 {[%emt 0:00:38]} Bg7 {[%emt 0:01:00]} 7. d4 {[%emt 0:01:12]} exd4 {[%emt 0:00:28]} 8. cxd4 {[%emt 0:00:08]} Nge7 {[%emt 0:00:21]} 9. d5 {[%emt 0:08:38]} Na5 {[%emt 0:01:10]} 10. Bd2 {[%emt 0:00:47]} c5 {[%emt 0:48:16]} 11. dxc6 {[%emt 0:11:57]} dxc6 {[%emt 0:04:08]} 12. Nc3 {[%emt 0:01:51]} O-O {[%emt 0:03:41]} 13. O-O {[%emt 0:05:34]} c5 {[%emt 0:10:16]} 14. Bg5 {[%emt 0:10:58]} Qxd1 {[%emt 0:04:25]} 15. Raxd1 {[%emt 0:00:48]} Nec6 {[%emt 0:00:38]} 16. Bd5 {[%emt 0:07:24]} Bg4 {[%emt 0:03:09]} 17. Be3 {[%emt 0:05:23]} c4 {[%emt 0:00:24]} 18. Bc5 {[%emt 0:02:08]} Bxf3 {[%emt 0:10:36]} 19. gxf3 {[%emt 0:02:40]} Rfe8 {[%emt 0:00:29]} 20. f4 {[%emt 0:03:03]} Rac8 {[%emt 0:00:14]} 21. Bb6 {[%emt 0:02:34]} Bh6 {[%emt 0:05:11]} 22. Be3 {[%emt 0:05:00]} Nb4 {[%emt 0:01:46]} 23. e5 {[%emt 0:03:15]} Nxd5 {[%emt 0:00:08]} 24. Rxd5 {[%emt 0:02:22]} Nc6 {[%emt 0:01:27]} 25. Ne4 {[%emt 0:05:07]} Red8 {[%emt 0:00:21]} 26. Rfd1 {[%emt 0:06:27]} Rxd5 {[%emt 0:00:08]} 27. Rxd5 {[%emt 0:02:19]} Rd8 {[%emt 0:00:24]} 28. Nf6+ {[%emt 0:01:19]} Kg7 {[%emt 0:00:30]} 29. Rxd8 {[%emt 0:00:39]} Nxd8 {[%emt 0:00:01]} 30. Ne8+ {[%emt 0:00:16]} Kf8 {[%emt 0:00:44]} 31. Nc7 {[%emt 0:00:15]} Ne6 {[%emt 0:00:28]} 32. Nxe6+ {[%emt 0:10:36]} fxe6 {[%emt 0:00:04]} 33. Kg2 {[%emt 0:00:19]} Ke8 {[%emt 0:01:19]} 34. Kf3 {[%emt 0:00:54]} Bf8 {[%emt 0:00:26]} 35. Ke4 {[%emt 0:01:41]} Kd7 {[%emt 0:00:10]} 36. a4 {[%emt 0:00:56]} bxa4 {[%emt 0:01:43]} 37. Kd4 {[%emt 0:00:02]} a3 {[%emt 0:00:07]} 38. bxa3 {[%emt 0:00:10]} Bxa3 {[%emt 0:00:01]} 39. Kxc4 {[%emt 0:00:09]} Kc6 {[%emt 0:00:04]} 40. Bd2 {[%emt 0:01:54]} Bc5 {[%emt 0:01:04]} 41. f3 {[%emt 0:02:31]} Bg1 {[%emt 0:17:43]} 42. h3 {[%emt 0:00:54]} Bc5 {[%emt 0:03:07]} 43. Bc1 {[%emt 0:10:12]} a5 {[%emt 0:02:02]} 44. Bd2 {[%emt 0:03:56]} a4 {[%emt 0:00:06]} 45. Bc1 {[%emt 0:01:00]} h5 {[%emt 0:02:34]} 46. Bd2 {[%emt 0:04:21]} Ba3 {[%emt 0:05:16]} 47. Be3 {[%emt 0:05:45]} Bb2 {[%emt 0:01:04]} 48. Kb4 {[%emt 0:00:17]} a3 {[%emt 0:00:07]} 49. Kb3 {[%emt 0:00:04]} Kd5 {[%emt 0:00:05]} 50. Bf2 {[%emt 0:02:22]} Bc1 {[%emt 0:00:35]} 51. Bg1 {[%emt 0:00:24]} Bxf4 {[%emt 0:00:46]} 52. Kxa3 {[%emt 0:00:05]} Kc4 {[%emt 0:00:13]} 53. Kb2 {[%emt 0:01:03]} Kd3 {[%emt 0:00:25]} 54. Kb3 {[%emt 0:00:22]} Bxe5 {[%emt 0:00:31]} 0-1

[Event "33rd Cannes Open 2019"]
[Site "Cannes"]
[Date "2019.02.24"]
[Round "9.1"]
[White "Basso, Pier Luigi"]
[Black "Gupta, Abhijeet"]
[Result "1/2-1/2"]
[WhiteElo "2512"]
[BlackElo "2587"]
[Annotator "TA"]
[PlyCount "19"]
[EventDate "2019.02.18"]
[EventType "swiss"]
[EventCountry "FRA"]
[SourceTitle "playchess.com"]
[Source "ChessBase"]
[SourceQuality "1"]

{[%evp 12,19,0,0,27,26,27,39,56,42]} 1. d4 Nf6 2. c4 g6 3. Nc3 d5 4. Bf4 Bg7 5. e3 O-O 6. Rc1 c5 7. dxc5 {[%cal Rc4d5]} Ne4 {D83: Grünfeld: 4 Bf4 Bg7 5 e3 0-0} 8. cxd5 Nxc3 $1 9. bxc3 Nd7 10. c6 $146 ({Predecessor:} 10. Nf3 Nxc5 11. Be5 f6 12. Bg3 Qa5 13. Bc4 b5 14. Bb3 Kh8 15. O-O {½-½ (37) Riazantsev,A (2594)-Mamedyarov,S (2709) Moscow 2006}) 1/2-1/2

[Event "33rd Cannes Open 2019"]
[Site "Cannes"]
[Date "2019.02.24"]
[Round "9.2"]
[White "Godena, Michele"]
[Black "Nasuta, Grzegorz"]
[Result "1/2-1/2"]
[WhiteElo "2448"]
[BlackElo "2504"]
[Annotator "TA"]
[PlyCount "43"]
[EventDate "2019.02.18"]
[EventType "swiss"]
[EventCountry "FRA"]
[SourceTitle "playchess.com"]
[Source "ChessBase"]
[SourceQuality "1"]

{[%evp 16,43,19,17,37,26,62,41,51,43,58,68,61,28,24,37,38,11,14,8,8,6,0,-45,-45,-56,-8,-15,0,-37]} 1. e4 e5 2. Bc4 Nf6 3. d3 c6 4. Nf3 Be7 5. O-O d6 6. a4 O-O 7. Re1 Nbd7 8. Nc3 a5 9. h3 h6 {C24: Bishop's Opening: 2...Nf6} 10. Be3 $146 ({Predecessor:} 10. d4 Re8 11. Ba2 Bf8 12. Be3 Qc7 13. dxe5 dxe5 14. Nh4 Bc5 15. Nf5 Bxe3 16. Rxe3 Nf8 17. Qf3 Bxf5 18. exf5 Rad8 19. Rae1 Rd4 20. Ne4 N8d7 21. Bb3 Kf8 22. Qg3 Nh5 23. Qh4 Nhf6 24. Qg3 Nh5 25. Qh4 Nhf6 {½-½ (25) Emms,J (2586)-Balogh,T (2447) Batumi 1999}) 10... Qc7 11. Nh4 Re8 {White is slightly better.} 12. Nf5 Nf8 {[%cal Bd7f8,Bf8e6,Be6d4][%mdl 32] [#] ...Bxf5 is the strong threat.} 13. Nxe7+ Qxe7 14. f4 exf4 15. Bxf4 Be6 16. Bxe6 Nxe6 17. Bg3 d5 18. Qd2 Qb4 19. e5 Nd7 20. Kh1 Nd4 21. Qf2 Ne6 22. Nd1 {Accuracy: White = 50%, Black = 58%.} 1/2-1/2

[Event "33rd Cannes Open 2019"]
[Site "Cannes"]
[Date "2019.02.24"]
[Round "9.3"]
[White "Solodovnichenko, Yuri"]
[Black "Yankelevich, Lev"]
[Result "1-0"]
[WhiteElo "2574"]
[BlackElo "2445"]
[Annotator "TA"]
[PlyCount "105"]
[EventDate "2019.02.18"]
[EventType "swiss"]
[EventCountry "FRA"]
[SourceTitle "playchess.com"]
[Source "ChessBase"]
[SourceQuality "1"]

{[%evp 10,104,26,8,8,10,7,0,20,10,11,8,7,-14,20,20,29,29,26,29,39,33,49,67,73,14,30,0,85,0,27,0,41,35,84,70,108,86,85,83,97,81,84,79,84,82,76,69,95,106,113,113,214,202,217,215,212,188,181,181,189,176,176,187,234,227,230,222,225,231,233,231,231,231,220,219,231,231,346,298,268,272,655,661,626,364,357,353,351,339,606,588,893,875,29979,29980,29999]} 1. e4 e5 2. Nf3 Nc6 3. Bb5 a6 4. Ba4 Nf6 5. d3 d6 6. c4 Be7 {C77: Ruy Lopez: 3...a6 4 Ba4 Nf6, unusual lines} 7. h3 O-O 8. Be3 Nb8 {The position is equal.} 9. Nc3 c5 $146 ({Predecessor:} 9... c6 10. O-O b5 11. Bc2 Nbd7 12. d4 bxc4 13. Qe2 a5 14. Rad1 {½-½ (90) Fedorchuk,S (2635)-Bosiocic,M (2555) Bol 2015}) 10. Nd2 Nc6 11. O-O Be6 12. Bxc6 bxc6 13. f4 exf4 14. Bxf4 d5 15. Qf3 dxc4 16. dxc4 Qd4+ 17. Be3 (17. Rf2 $16) 17... Qe5 $11 18. Bf4 ({White should try} 18. Rad1 $11) 18... Qd4+ $16 19. Be3 (19. Rf2 $16) 19... Qe5 $11 20. Qf2 Nd7 (20... a5 {with more complications.} 21. Rad1 a4 22. Bf4 Qd4 23. Be3 Qe5) 21. Nf3 Qb8 22. b3 $1 Ne5 23. Na4 Nxf3+ 24. Qxf3 Qe5 25. Qf4 Qxf4 26. Rxf4 Rfd8 27. Rff1 Rd3 28. Rae1 Bf6 29. Kf2 (29. Nxc5 $2 Rxe3 $1 {[%mdl 512]} 30. Rxe3 Bd4 $19) 29... Bh4+ 30. Ke2 Bxc4 (30... Bxe1 $16 31. Kxd3 Rd8+ 32. Kc2 Ba5) 31. bxc4 $18 Ra3 32. Nb6 ({Inferior is} 32. Nxc5 Bxe1 33. Rxe1 Rxa2+ 34. Kf3 a5 $11) 32... Re8 33. Rd1 ({Worse is} 33. Bxc5 Rxa2+ 34. Kf3 Bxe1 $14) 33... Rxe4 {[#]} 34. Rd3 $1 {[%cal Rd3a3]} Rxa2+ 35. Kf3 Re6 36. Nd7 $40 {[%mdl 128] White wants a kill.} Rc2 37. Rb1 {Intending Rb8+ and mate.} ({But not} 37. Nxc5 $6 Rf6+ 38. Bf4 g5 $16) 37... Re8 38. Rc1 Ra2 39. g3 Be7 40. Nxc5 h5 41. h4 a5 42. Ne4 Bb4 43. c5 a4 (43... f6 $142 44. Nd6 Re7) 44. Rc4 Rb2 45. Rdd4 Rb8 $2 (45... Be1 46. Rxa4 Rb3) 46. Bf4 Rb7 47. Nd6 Rb8 {[#]} 48. Nxf7 $1 {[%mdl 512]} Rb3+ (48... Kxf7 49. Bxb8) 49. Kg2 Rb2+ $2 (49... Bc3 50. Rxc3 Rxc3 51. Bxb8 Kxf7 52. Rxa4 Rxc5) 50. Kh3 a3 {Strongly threatening ...a2.} 51. Bxb8 a2 52. Ng5 {[%cal Rd4d8]} a1=Q 53. Rd8# {Accuracy: White = 77%, Black = 53%.} 1-0

[Event "33rd Cannes Open 2019"]
[Site "Cannes"]
[Date "2019.02.24"]
[Round "9.4"]
[White "Rubio Mejia, Luis Ignacio"]
[Black "Maiorov, Nikita"]
[Result "0-1"]
[WhiteElo "2437"]
[BlackElo "2523"]
[Annotator "TA"]
[PlyCount "104"]
[EventDate "2019.02.18"]
[EventType "swiss"]
[EventCountry "FRA"]
[SourceTitle "playchess.com"]
[Source "ChessBase"]
[SourceQuality "1"]

{[%evp 16,104,29,16,59,56,59,58,92,92,92,92,80,90,92,52,49,47,57,46,47,46,70,64,77,74,77,77,72,70,72,65,78,77,84,67,60,46,46,19,48,39,66,78,79,66,97,29,29,29,29,0,63,57,60,60,60,53,53,53,50,0,0,0,0,-381,-373,-397,-377,-920,-917,-902,-895,-1000,-1000,-989,-971,-905,-805,-29958,-29959,-12794,-29941,-12794,-10011,-6625,-6395,-6221,-2278,-1445,-1395]} 1. d4 Nf6 2. c4 e6 3. Nc3 Bb4 4. Qc2 d6 5. Bg5 Nbd7 6. e3 c5 7. Bd3 {E32: Nimzo-Indian: Classical (4 Qc2): 4...0-0} (7. Nge2 Qa5 8. a3 cxd4 9. Bxf6 Nxf6 10. exd4 O-O 11. Rd1 Bxc3+ 12. Nxc3 b6 13. Bd3 Bb7 14. O-O Qh5 {0-1 (65) Lenic,L (2656)-Melkumyan,H (2660) chess.com INT 2018}) 7... Qa5 8. Nf3 Bxc3+ 9. bxc3 {LiveBook: 3 Games. White has an edge.} O-O 10. O-O Re8 11. Bh4 $146 ({Predecessor:} 11. e4 cxd4 12. cxd4 h6 13. Bd2 Qc7 14. a4 {1-0 (40) Bodiroga,P (2410)-Pavlovic,N (2190) Sombor 2009}) 11... e5 {Threatens to win with ...e4.} 12. Nd2 Qc7 13. d5 b6 14. a4 Ba6 15. e4 Nh5 16. Rfe1 Nf8 17. f3 Nf4 18. Bf1 N8g6 19. Bf2 Reb8 20. g3 Nh5 21. Bd3 Bc8 22. Nf1 {[%cal Bd2f1,Bf1e3,Be3f5][%mdl 32]} Nf6 23. Ne3 Kh8 24. h4 Bd7 25. Kg2 Ne7 26. Rh1 Nh5 27. Nf5 Ng8 28. Be3 g6 29. Nh6 $1 Nxh6 30. Bxh6 Qd8 31. Bg5 ({Better is} 31. Qd2 $16) 31... f6 $11 32. Bh6 Qe7 33. Kh2 g5 (33... Rg8 $11) 34. hxg5 $1 $14 Rg8 {[%cal Bb8g8,Bg8g6,Bg6f6,Bf6f2][%mdl 32]} 35. Kg2 Qf7 36. Rh2 {Strongly threatening Rah1.} fxg5 37. Rah1 Nf6 38. g4 Rg6 $1 {White must now prevent ...Bxg4!} 39. Qd2 $1 Rag8 {White should prevent ...Bxg4!} 40. Bc2 $2 {[%mdl 8192] [#]} (40. Be2 $11) 40... Bxg4 $1 $19 {[%mdl 512]} 41. fxg4 Nxg4 42. Qe2 $2 (42. Rf1 Rf6 43. Rxf6 Qxf6 44. Rh3) 42... Nxh2 43. Rxh2 Rf6 44. Rh5 Rgg6 45. Bxg5 h6 46. Qe3 Rxg5+ 47. Qxg5 Rf2+ 48. Kg1 Rf1+ 49. Kh2 Qf2+ {Black is clearly winning.} 50. Qg2 Qf4+ 51. Qg3 Rf2+ (51... Qd2+ $142 52. Qg2 Rf2 53. Qxf2 Qxf2+ 54. Kh3 Kg7) 52. Kh3 Rf3 {Precision: White = 61%, Black = 70%.} 0-1

[Event "33rd Cannes Open 2019"]
[Site "Cannes"]
[Date "2019.02.24"]
[Round "9.5"]
[White "Krzyzanowski, Marcin"]
[Black "Apicella, Manuel"]
[Result "1/2-1/2"]
[WhiteElo "2504"]
[BlackElo "2501"]
[Annotator "TA"]
[PlyCount "36"]
[EventDate "2019.02.18"]
[EventType "swiss"]
[EventCountry "FRA"]
[SourceTitle "playchess.com"]
[Source "ChessBase"]
[SourceQuality "1"]

{[%evp 16,36,-13,-17,-19,-56,-48,-58,-45,-115,-35,-35,-33,-14,-14,-73,-67,-66,-63,-150,-139,-205,-95]} 1. d4 e6 2. Bf4 d5 3. e3 Bd6 4. Nf3 Nf6 5. Nbd2 O-O 6. c3 c5 {[%cal Bc7c5,Bc5c4][%mdl 32]} 7. Bg3 Qc7 8. Bd3 Nbd7 9. Qc2 {LiveBook: 4 Games. D02: 1 d4 d5 2 Nf3 sidelines, including 2...Nf6 3 g3 and 2...Nf6 3 Bf4} Re8 (9... e5 10. dxe5 Nxe5 11. Nxe5 Bxe5 12. Nf3 Bxg3 13. hxg3 h6 14. c4 Be6 15. O-O Rfd8 16. Rac1 Rac8 17. cxd5 Nxd5 {½-½ (36) Vachier Lagrave,M (2779)-Dominguez Perez,L (2739) chess.com INT 2018}) 10. O-O-O $146 ({Predecessor:} 10. Bb5 a6 11. Bxd7 Nxd7 12. Bxd6 Qxd6 13. O-O e5 14. dxc5 Qxc5 15. c4 b5 16. b4 Qc7 {½-½ (28) Rosso,P (2249)-Fels,B (2210) IECG email 2005}) 10... c4 11. Be2 {Black is slightly better.} b5 12. e4 (12. Bxd6 $15 Qxd6 13. Rdg1) 12... e5 ({Black should try} 12... dxe4 $17 13. Bxd6 Qxd6 14. Nxe4 Qf4+ 15. Nfd2 Bb7) 13. exd5 $15 Bb7 14. dxe5 Nxe5 15. Nd4 (15. Nxe5 $11 Bxe5 16. Bf3) 15... Qa5 $17 16. N2f3 Bxd5 17. Nxe5 (17. a3 $1 $15) 17... Bxe5 18. Bxe5 (18. Bf3 $17 Bxf3 19. Nxf3 Bxg3 20. hxg3) 18... Rxe5 {Precision: White = 16%, Black = 76%.} (18... Be4 $19 {is more deadly.} 19. Qd2 Qxa2) 1/2-1/2

[Event "33rd Cannes Open 2019"]
[Site "Cannes"]
[Date "2019.02.24"]
[Round "9.6"]
[White "Ghasi, Ameet K"]
[Black "Barbot, Pierre"]
[Result "1/2-1/2"]
[WhiteElo "2503"]
[BlackElo "2428"]
[Annotator "TA"]
[PlyCount "92"]
[EventDate "2019.02.18"]
[EventType "swiss"]
[EventCountry "FRA"]
[SourceTitle "playchess.com"]
[Source "ChessBase"]
[SourceQuality "1"]

{[%evp 10,92,-2,-25,10,0,0,-12,-18,-33,-33,-37,-34,-46,-5,-6,0,-36,0,-10,-15,-10,-16,-3,-7,-16,22,18,91,87,126,120,119,119,125,131,152,137,153,125,125,126,127,119,115,119,118,120,101,98,120,120,112,98,114,88,95,54,54,54,54,54,54,54,56,61,61,52,53,9,27,0,0,0,4,0,0,0,0,0,0,0,0,0,0]} 1. Nf3 Nf6 2. g3 d5 3. Bg2 e6 4. O-O Be7 5. d3 O-O 6. Nbd2 a5 {A07: Réti Opening: New York and Capablanca Systems} 7. e4 a4 8. e5 Nfd7 9. a3 c5 10. Re1 Nc6 11. h4 $146 ({Predecessor:} 11. Nf1 f6 12. exf6 Nxf6 13. Bf4 Bd6 14. Ne5 {0-1 (36) Amin,B (2710)-Aronian,L (2765) St Petersburg 2018}) 11... f6 12. exf6 Nxf6 13. Ng5 Qd6 14. f4 e5 15. Ndf3 {[%cal Rf4e5]} exf4 $1 16. Bxf4 Qd8 17. Ne5 {Nxc6 is the strong threat.} Nxe5 18. Rxe5 Bd6 {[#]} (18... Kh8 $11 {keeps the balance.}) 19. Rxd5 $1 $16 (19. Bxd5+ Kh8 $15) 19... Nxd5 20. Bxd5+ Kh8 21. Qh5 {[%csl Gg5][%cal Rh5h7]} h6 22. Nf7+ Rxf7 23. Qxf7 ({Stronger than} 23. Bxf7 Bxf4 24. gxf4 Qd4+ 25. Kg2 Qxb2 $17) 23... Bxf4 24. Re1 {[#] White threatens Re8+ and mate.} Be6 $1 {[%mdl 512]} 25. Rxe6 (25. Bxe6 Bxg3) 25... Bxg3 26. Bxb7 Rb8 27. Bc6 Qg8 ({Not} 27... Qd4+ $2 28. Kg2 $18) 28. Qxg8+ Kxg8 {[%mdl 4096] Endgame KRB-KRB} 29. h5 Rb6 30. Re8+ Kf7 31. Bxa4 Rxb2 32. Rc8 Be5 33. Rc6 Ke7 34. Bb3 Kd7 35. Ra6 Rb1+ 36. Kg2 Bc3 37. a4 Re1 38. Ra7+ Kc6 39. Kf3 Kb6 40. Ra8 Re5 {The position is equal.} 41. Bc4 Rxh5 42. Rb8+ Ka5 43. Bb3 Rf5+ 44. Kg4 g6 45. Rb5+ Ka6 46. Bc4 {Strongly threatening Rb3+.} Rg5+ {Accuracy: White = 58%, Black = 67%.} 1/2-1/2

[Event "33rd Cannes Open 2019"]
[Site "Cannes"]
[Date "2019.02.24"]
[Round "9.7"]
[White "Gilevych, Artem"]
[Black "D'Costa, Lorin A R"]
[Result "1/2-1/2"]
[WhiteElo "2403"]
[BlackElo "2402"]
[Annotator "TA"]
[PlyCount "128"]
[EventDate "2019.02.18"]
[EventType "swiss"]
[EventCountry "FRA"]
[SourceTitle "playchess.com"]
[Source "ChessBase"]
[SourceQuality "1"]

{[%evp 16,128,9,12,17,19,17,13,19,15,31,13,40,17,11,21,20,0,0,-14,0,0,0,0,0,0,0,6,0,0,0,8,26,18,55,0,16,0,22,-4,0,0,0,-147,-5,-40,0,0,0,0,0,0,0,0,2,0,0,0,0,0,0,0,0,-11,0,0,0,0,0,0,354,362,354,349,337,332,241,91,87,87,87,95,80,84,175,146,195,192,191,190,183,179,164,32,105,9,9,9,9,9,9,9,9,9,9,9,9,9,9,9,104,0,0,0,10]} 1. d4 Nf6 2. c4 e6 3. g3 d5 4. Bg2 Bb4+ 5. Bd2 Be7 6. Nf3 O-O 7. O-O c6 8. Qc2 b6 9. Bf4 Ba6 {E06: Closed Catalan: Early deviations} 10. cxd5 cxd5 11. Rc1 Nbd7 12. Nc3 Nh5 13. Bd2 Bb7 {[#]} 14. a4 $146 a6 15. Ne5 Nhf6 16. Bf4 Rc8 17. Nxd7 Nxd7 18. Qd3 Nb8 19. e4 Nc6 20. exd5 Nb4 {[%mdl 64] Double Attack} 21. Qe2 {Threatens to win with d6.} exd5 22. Re1 Bf6 23. Rad1 a5 24. Be5 Ba6 25. Qg4 ({White should try} 25. Bxf6 $14 Bxe2 26. Bxd8 Bxd1 27. Bxb6) 25... Bc4 26. Rd2 Rc6 27. Re3 g6 28. h4 Bg7 29. Kh2 (29. Bxg7 $11 Kxg7 30. Qf4) 29... Re8 (29... h5 $1 $17 {[%cal Rh5g4]} 30. Qd1 Bh6) 30. Nd1 {[%cal Bc3d1,Bd1e3,Be3g4][%mdl 32]} Rce6 31. b3 Ba6 32. Bxg7 Kxg7 33. Rxe6 Rxe6 34. Ne3 Rc6 35. h5 Bc8 36. Qf4 Be6 37. Bh3 Bxh3 38. Kxh3 $40 {[%mdl 128] White attacks.} Re6 39. Ng4 Qe7 40. h6+ Kf8 $1 41. Rd1 Nc6 42. Rc1 f5 $2 {[%mdl 8192] [#]} (42... Ke8 $11) 43. Ne5 $1 $18 {[%mdl 512]} Nxe5 44. Rc8+ Kf7 45. dxe5 {Black must now prevent Qc1.} Rxe5 {[%mdl 4096] Endgame KQR-KQR} 46. Rh8 (46. Rc6 $1 $18) 46... Kf6 $16 47. Qd4 {And now f4 would win.} Qc5 48. Qxc5 bxc5 49. Rxh7 {KR-KR} Re1 (49... f4 $16) 50. Rc7 $1 $18 Rh1+ 51. Kg2 Rxh6 52. Rxc5 Ke5 53. Rxa5 g5 54. Kf3 ({Better is} 54. b4 $1 $18) 54... Kd4 {[#]} (54... g4+ $14 55. Ke2 Ke4) 55. Ke2 (55. Rb5 $1 $16) 55... Re6+ $11 56. Kd2 f4 $1 {[%cal Rf4f3]} 57. Rb5 {With the idea gxf4.} f3 {Strongly threatening ...Re2+.} 58. Rb4+ Kc5 $1 {[%cal Rc5b4]} 59. Rg4 Re2+ 60. Kd3 Rxf2 61. b4+ Kd6 62. Rxg5 Ra2 {[#]} (62... Rb2 $11 {remains equal.}) 63. Ke3 (63. a5 $1 $16) 63... Rxa4 64. Kxf3 Ke6 {Accuracy: White = 54%, Black = 46%.} 1/2-1/2